000 01675nam a2200301 a 4500
001 000047450
003 DO-SdBNP
005 20260217130435.0
007 ta
008 180530s2015 dr 000 0 spa d
040 _aDO-SdBNP
_bspa
_cBNPHU
_erda
041 _aspa
082 _a352.4097293
_bI43c 2014
_222
110 1 _aRepública Dominicana.
_bCámara de Cuentas
_912254
245 1 0 _aInforme al Congreso Nacional :
_banálisis y evaluación de la ejecución presupuestaria y la rendición de cuentas generales del Estado, año fiscal 2014 .
264 1 _aSanto Domingo :
_bCámara de Cuentas de la República,
_c2015.
300 _a784 páginas ;
_c32 cm.
336 _atexto
_btxt
_2rdacontent
337 _asin mediación
_bn
_2rdamedia
338 _avolumen
_bnc
_2rdacarrier
505 0 _aMarco de la ley de presupuesto general del Estado del año 2014 --
_tAnálisis de la ejecución del presupuesto de ingresos y gastos del gobierno central --
_tInforme de los auditores de la Cámara de Cuentas de la República Dominicana sobre el Estado de deuda pública --
_tObservaciones, conclusiones y recomendaciones --
_tInforme sobre las auditorías practicadas durante el año 2014 --
_tRendición de cuentas y ejecución presupuestaria de la Cámara de Cuentas --
_tEstados financieros auditados y de ejecución presupuestaria de la Cámara de Cuentas de la República Dominicana --
590 _aInventariado, 2018/VM
650 4 _aGastos públicos
_zRepública Dominicana
_96405
650 4 _aHacienda pública
_zRepública Dominicana
_96562
650 0 _aPresupuesto
_zRepública Dominicana
_96404
910 _aValidado. Control de calidad MFF
942 _2ddc
_cLBS1
999 _c46938
_d46938